Science Quiz

Random Science or Clickable Quiz

Bone Collector Quiz Stats

 Plays Quiz Updated Mar 2, 2017

Support Sporcle.
Go Orange.
Score 0/30 Timer 05:00
0 Plays Today
% Correct
patella
80.7%
cranium
80.3%
mandible
79.1%
clavicle
78.9%
femur
77.7%
sternum
75.1%
coccyx
74.5%
nasal
73%
ulna
72.1%
scapula
72%
phalanges
71.7%
radius
69.7%
lumbar vertebrae
69.7%
humerus
68.4%
cervical vertebrae
65.8%
% Correct
carpals
65.6%
thoracic vertebrae
64%
pubis
62.1%
tibia
61.9%
maxilla
61.1%
fibula
57.1%
ilium
57%
hyoid
56.1%
ischium
52.4%
calcaneus
48.9%
stapes
45.9%
talus
43.8%
malleus
43.2%
sacrum
40.8%
incus
40.6%

You're not logged in!

Compare scores with friends on all Sporcle quizzes.
OR
Log In
Forgot?

From the Vault

5-Star Best Picture Winners III

by manonthemoon

Movies 8m
Keep your friends close, but your Sporcle closer.
Remove Ads.
Support Sporcle.
Get the best of Sporcle when you Go Orange. This ad-free experience offers more features, more stats, and more fun while also helping to support Sporcle. Thank you for becoming a member.

Show Comments

Extras

Top Quizzes Today


Score Distribution

Your Account Isn't Verified!

In order to create a playlist on Sporcle, you need to verify the email address you used during registration. Go to your Sporcle Settings to finish the process.

Report this User

Report this user for behavior that violates our Community Guidelines.

Details: